| 000 | 00571nam a22002057a 4500 | ||
|---|---|---|---|
| 001 | 00898 | ||
| 003 | KOHA_MİRAKIL | ||
| 005 | 20240914231540.0 | ||
| 008 | 240915b tu ||||| |||| 00| 0 tur d | ||
| 020 | _a9786054322091 | ||
| 040 |
_aTR-AnABB _btur _cTR-AnABB |
||
| 041 | _atur | ||
| 082 |
_a810.03 _bALB 2010 |
||
| 100 | _aAlbayrak, Nurettin | ||
| 245 | 0 |
_aAnsiklopedik halk edebiyatı sözlüğü / _cNurettin Albayrak. |
|
| 260 |
_aİstanbul : _bAlfa Yayınları, _c2010. |
||
| 300 |
_a590 sayfa ; _c20 cm. |
||
| 650 | _aTürk edebiyatı, sözlük | ||
| 942 |
_2ddc _cBK |
||
| 999 |
_c909 _d909 |
||